000 01429cam a22003857a 4500
003 CHAP
005 20220329141905.0
008 980420d1998 mx r 00110 spa d
010 _a75337
011 _a76309
035 _a85888
040 _cCHAP
090 _aTesis
100 0 0 _aLuna Flores, Elías.
_969045
245 1 0 _aAplicación de fertilizantes foliares y reguladores de crecimiento en cacahuate (Arachis hypogaea L.) de temporal en el suroeste de Morelos
_c/por Elías Luna Flores
260 _aChapingo, Méx. :
_bEl autor,
_c1998.
300 _a53 h. :
_bgráfs. : tablas
502 _aTesis (Ing. Agr. Esp. en Fitotecnia) -- UACH. Departamento de Fitotecnia
590 _aALEPH
_b10
_c20130110
_lUCH01
_h1424
590 _aBATCH-UPD
_b10
_c20130110
_lUCH01
_h0339
590 _aBATCH-UPD
_b10
_c20130110
_lUCH01
_h2058
590 _aBATCH-UPD
_b10
_c20130410
_lUCH01
_h0012
590 _aBATCH-UPD
_b10
_c20130913
_lUCH01
_h2153
590 _aCONVERSION
_b10
_c20130109
_lUCH01
_h1341
650 1 4 _aAgricultura de temporal.
_91999
650 1 4 _aCacahuate
_xMorelos.
_916890
650 1 4 _aFertilización foliar.
_940445
650 1 4 _aFertilizantes para cacahuate.
_940606
650 1 4 _aPlantas
_xCrecimiento
_xAditivos.
_988804
901 _aBK
905 _aAlejandra Carrasco M.
942 _cFOLL
949 _bBC
_cTES
_d33724000588877
_eTS2
_fc.2
_h32638
_i85888
_sb
949 _bBC
_cTES
_d858881
_eTS1
_h32637
_i85888
_sb
999 _c75337
_d75337